000 00390nam a2200157Ia 4500
003 Ost
005 20260225132537.0
008 260225s9999||||xx |||||||||||||| ||und||
040 _cfsic
041 _afre
082 _a591.59
100 _aNathalie tirofman/Vincent darnet
_eAuteur
245 0 _aLa communication animal /
245 0 _cNathalie tirofman/Vincent darnet
942 _cكتاب
999 _c33283
_d33283